000 00459nam a2200169 i 4500
001 29592
003 ES-MaACL
005 20230906154046.0
007 t|
008 030122s1971 sp ||||1| spa d
100 1 _aBarnatán, Marcos Ricardo.
_925710
245 1 3 _aEl laberinto de Sion /
_cMarcos Ricardo Barnatán.
250 _a[1ª ed.].
260 _aBarcelona :
_bBarral,
_c1971.
300 _a192 p. ;
_c20 cm.
852 _aES-MaACL
_jC-45834
_bR.76876
999 _c29592
_d29592